000 00813nam a22002417a 4500
003 0
005 20250430124209.0
008 250430b xxu||||| |||| 00| 0 eng d
020 _a9789719655992
050 _aHF 5415.2
_b.P277 2024
100 _aPasahol, Jhon Ven Saint L.
_e[author]
245 _aNavigating the landscape of marketing research
_cJhon Ven Saint L. Pasahol and three others.
260 _aManila
_bMindshapers Co. Inc.
_c2024
300 _avi, 168 pages ;
_c26cm.
504 _aIncludes bibliographical references.
650 _aMarketing research--Philippines.
650 _aConsumer behavior.
650 _aMarketing—Decision making--Philippines.
700 _aTingga, Chanda R.
700 _aOliveros, Hernan M.
700 _aMaddagan, Ma. Theresa G.
942 _2lcc
_cBK
999 _c367437
_d367437